000 00706nam a2200181Ia 4500
008 090124s9999 xx 000 0 und d
082 _b36970
100 _aकेळकर ग. म.
245 _a दुसऱ्या महायुद्धातील महिला आघाडी
250 _a1
260 _bपुरंदरे प्रकाशन
_c1987
300 _a72
600 _aकेळकर ग. म.
630 _a दुसऱ्या महायुद्धातील महिला आघाडी
700 _aकेळकर ग. म.
730 _a दुसऱ्या महायुद्धातील महिला आघाडी
942 _cBOOK
999 _c102945
_d102945